<?xml version="1.0" encoding="UTF-8" ?>
<collection xmlns="http://www.loc.gov/MARC21/slim"><record><leader>00786nam a2200241   4500</leader><controlfield tag="001">231636</controlfield><controlfield tag="003">CH-000273-5</controlfield><controlfield tag="005">20260330120831.0</controlfield><datafield tag="020" ind1=" " ind2=" "><subfield code="a">978-1-911736-13-4</subfield></datafield><datafield tag="040" ind1=" " ind2=" "><subfield code="a">CH-000273-5</subfield><subfield code="b">ger</subfield><subfield code="e">rda</subfield></datafield><datafield tag="041" ind1="0" ind2=" "><subfield code="a">eng</subfield></datafield><datafield tag="100" ind1="1" ind2=" "><subfield code="a">Obrist, Hans Ulrich</subfield><subfield code="d">1968-</subfield><subfield code="e">Interviewer</subfield><subfield code="4">ivr</subfield></datafield><datafield tag="245" ind1="1" ind2="4"><subfield code="a">The Hockney Interviews</subfield><subfield code="c">Hans Ulrich Obrist</subfield></datafield><datafield tag="264" ind1=" " ind2="1"><subfield code="a">London</subfield><subfield code="b">HENI Publishing</subfield><subfield code="c">2025</subfield></datafield><datafield tag="300" ind1=" " ind2=" "><subfield code="a">214 Seiten</subfield><subfield code="b">Illustrationen</subfield><subfield code="c">25 cm</subfield></datafield><datafield tag="336" ind1=" " ind2=" "><subfield code="a">Text</subfield><subfield code="b">txt</subfield><subfield code="2">rdacontent</subfield></datafield><datafield tag="336" ind1=" " ind2=" "><subfield code="a">unbewegtes Bild</subfield><subfield code="b">sti</subfield><subfield code="2">rdacontent</subfield></datafield><datafield tag="337" ind1=" " ind2=" "><subfield code="a">ohne Hilfsmittel zu benutzen</subfield><subfield code="b">n</subfield><subfield code="2">rdamedia</subfield></datafield><datafield tag="338" ind1=" " ind2=" "><subfield code="a">Band</subfield><subfield code="b">nc</subfield><subfield code="2">rdacarrier</subfield></datafield><datafield tag="600" ind1="1" ind2="7"><subfield code="a">Hockney, David</subfield><subfield code="d">1937-</subfield><subfield code="2">gnd</subfield></datafield><datafield tag="655" ind1=" " ind2="7"><subfield code="a">Interview</subfield><subfield code="2">gnd-content</subfield></datafield><datafield tag="700" ind1="1" ind2=" "><subfield code="a">Hockney, David</subfield><subfield code="d">1937-</subfield><subfield code="e">Interviewter</subfield><subfield code="4">ive</subfield><subfield code="e">Illustrator</subfield><subfield code="4">ill</subfield></datafield><datafield tag="852" ind1="4" ind2=" "><subfield code="a">CH-000273-5</subfield><subfield code="c">C 2025/0583</subfield></datafield></record></collection>